"Дорожная карта" и текущая повестка дня энергосбережения; Электрика; № 9

Podrobná bibliografie
Parent link:Электрика.— , 2006-
№ 9.— 2010.— С. 3-5
Hlavní autor: Литвак В. В. Валерий Владимирович
Shrnutí:Методология "дорожной карты" позволяет разработать базовые принципы (рубежи) и найти математически оптимальный порядок осуществления мероприятий по повышению энергетической эффективности. Не всегда удается однозначно связать величину получаемого от энергосбережения эффекта с затратами, необходимыми для его достижения. Но даже в этом случае получаемые решения являются осознанными и эффективными. "Повестка дня" позволяет увязать направления работы, финансирование, поставки материалов и привлечение трудовых ресурсов для эффективного энергосбережения
Jazyk:ruština
Vydáno: 2010
Témata:
Médium: MixedMaterials Kapitola
KOHA link:https://koha.lib.tpu.ru/cgi-bin/koha/opac-detail.pl?biblionumber=529753

MARC

LEADER 00000naa2a2200000 4500
001 529753
005 20231229115131.0
035 |a (RuTPU)RU\TPU\prd\215483 
035 |a RU\TPU\prd\215481 
090 |a 529753 
100 |a 20140314a2010 k y0rusy50 ca 
101 0 |a rus 
102 |a RU 
200 1 |a "Дорожная карта" и текущая повестка дня энергосбережения  |f В. В. Литвак 
320 |a Библиогр.: 5 назв. 
330 |a Методология "дорожной карты" позволяет разработать базовые принципы (рубежи) и найти математически оптимальный порядок осуществления мероприятий по повышению энергетической эффективности. Не всегда удается однозначно связать величину получаемого от энергосбережения эффекта с затратами, необходимыми для его достижения. Но даже в этом случае получаемые решения являются осознанными и эффективными. "Повестка дня" позволяет увязать направления работы, финансирование, поставки материалов и привлечение трудовых ресурсов для эффективного энергосбережения 
461 1 |0 (RuTPU)RU\TPU\prd\42295  |t Электрика  |d 2006- 
463 1 |0 (RuTPU)RU\TPU\prd\89125  |t № 9  |v С. 3-5  |d 2010 
610 1 |a труды учёных ТПУ 
700 1 |a Литвак  |b В. В.  |c специалист в области теплоэнергетики  |c профессор Томского политехнического университета, доктор технических наук  |f 1940-  |g Валерий Владимирович  |3 (RuTPU)RU\TPU\pers\25676  |9 11587 
801 1 |a RU  |b 63413507  |c 20140314 
801 2 |a RU  |b 63413507  |c 20141210  |g RCR 
942 |c BK